Yüklüyor......

Salvation of a Saint

Detaylı Bibliyografya
Yazar: Higashino, Keigo
Materyal Türü: Printed Book
Dil:English
Baskı/Yayın Bilgisi: Newyork Minotaur Books 2012
LEADER 00549nam a22001697a 4500
008 160506b xxu||||| |||| 00| 0 eng d
020 |a 9780349139340 
082 |a 823 HIG'12 
100 |a Higashino, Keigo 
245 |a Salvation of a Saint 
260 |a Newyork  |b Minotaur Books  |c 2012 
300 |a 377p. 
500 |a Fiction 
650 |2 Fiction 
942 |2 ddc  |c BK 
999 |c 9459  |d 9459 
952 |0 0  |1 0  |2 ddc  |4 0  |6 823_000000000000000_HIG12  |7 0  |8 FIC  |9 13111  |a NUALS  |b NUALS  |c FIC  |d 2016-05-06  |g 350.00  |l 11  |m 1  |o 823 HIG'12  |p 12786  |r 2019-07-12  |s 2019-07-05  |w 2016-05-06  |y BK